[Event "Frankfurt-ch"]
[Site "Frankfurt"]
[Date "2005.05.30"]
[Round "5"]
[White "Hoehler, Bernd"]
[Black "Adair, Robin"]
[Result "1/2-1/2"]
[WhiteElo "1654"]
[BlackElo "1790"]
[PlyCount "96"]
[EventDate "2005.04.25"]
[EventType "swiss"]
[EventRounds "7"]
[EventCountry "GER"]
[SourceTitle "EXT 2006"]
[Source "ChessBase"]
[SourceDate "2005.11.24"]
[SourceVersion "1"]
[SourceVersionDate "2005.11.24"]
[SourceQuality "1"]

1. e4 c5 2. Nf3 Nc6 3. d4 cxd4 4. Nxd4 Nf6 5. Nc3 e5 6. Ndb5 d6 7. Bg5 a6 8. Na3 b5 9. Nd5 Be7 10. Bxf6 Bxf6 11. c3 0-0 12. Nc2 Bg5 13. a4 bxa4 14. Rxa4 a5 15. Bc4 Rb8 16. Ra2 Be6 17. Nce3 Bxe3 18. Nxe3 Qc7 19. Qe2 Rbc8 20. Nd5 Bxd5 21. Bxd5 Ne7 22. Qd3 Nxd5 23. Qxd5 Qc4 24. Rxa5 g6 25. Qxc4 Rxc4 26. f3 Rb8 27. Ra2 Rxc3 28. Kd2 Rcb3 29. Kc2 f5 30. Rd1 fxe4 31. fxe4 Re3 32. Rxd6 Rxe4 33. Rd2 Reb4 34. Kb1 R8b7 35. Ra8+ Kf7 36. Rf2+ Ke6 37. Re8+ Re7 38. Rxe7+ Kxe7 39. Kc2 Ke6 40. Kc3 Rb7 41. Rf8 e4 42. b4 Ke5 43. Re8+ Kf4 44. Kc4 Ke3 45. Kc5 Kd3 46. b5 e3 47. Kc6 Ra7 48. b6 Rf7 1/2-1/2